Wer baut Wien? : Hintergründe und Motive der Stadtentwicklung Wiens seit 1989 /

Guardado en:
Detalles Bibliográficos
Autores principales: Seiẞ, Reinhard (Autor), Achleitner, Friedrich (Autor), Kühn, Christian (Autor)
Formato: Libro
Lenguaje:alemán
Publicado: Salzburg : Verlag Anton Pustet, 2007
Edición:1. vydanie
Materias:
Etiquetas: Agregar Etiqueta
Sin Etiquetas, Sea el primero en etiquetar este registro!

MARC

LEADER 00000nam a22000003a 4500
001 0097548
003 SK-STU
005 20221010095117.3
007 ta
008 221008s ----xo-----e------000-0-----d
020 |a 9-783-7025-0538-7 
040 |a STU  |b slo 
041 0 |a ger 
044 |a au 
100 1 |a Seiẞ, Reinhard  |4 aut 
245 1 0 |a Wer baut Wien? :  |b Hintergründe und Motive der Stadtentwicklung Wiens seit 1989 /  |c aut. Reinhard Seiẞ, Friedrich Achleitner, Christian Kühn 
250 |a 1. vydanie 
260 |a Salzburg :  |b Verlag Anton Pustet,  |c 2007 
300 |a 215 s. 
650 0 7 |a vývoj stavby miest 
650 0 7 |a 1989- 2005 
650 0 7 |a Viedeň 
650 0 7 |a urbanizmus a územné plánovanie 
700 1 |a Achleitner, Friedrich  |4 aut 
700 1 |a Kühn, Christian  |4 aut 
996 |b 284AU09417  |c A* 12741/U  |l AAKNST  |s P  |a 0  |w 0097548_0001